[Event "Sao Paulo Carnaval op"]
[Site "Sao Paulo"]
[Date "2020.02.24"]
[Round "5"]
[White "Da Silva, Camila Evaristo"]
[Black "Haman, Muhammad"]
[Result "0-1"]
[WhiteElo "1681"]
[BlackElo "1884"]
[PlyCount "58"]
[EventDate "2020.02.22"]
[EventType "swiss"]
[EventRounds "7"]
[EventCountry "BRA"]
[SourceTitle "CBM 195 Extra"]
[Source "ChessBase"]
[SourceDate "2020.05.31"]
[SourceVersion "1"]
[SourceVersionDate "2020.05.31"]
[SourceQuality "1"]

1. d4 Nf6 2. Bf4 e6 3. Nf3 c5 4. c3 Qb6 5. Qc2 Nc6 6. e3 d5 7. Be2 Bd7 8. h3 Rc8 9. dxc5 Bxc5 10. 0-0 Be7 11. Qb3 Qxb3 12. axb3 Ne4 13. b4 a6 14. Ne5 Nxe5 15. Bxe5 f6 16. Bh2 Bd8 17. Rd1 Bb6 18. Nd2 Nxd2 19. Rxd2 Ke7 20. Rc1 Rhd8 21. b3 Bb5 22. c4 e5 23. c5 Bxe2 24. Rxe2 Rd7 25. Ra1 Bd8 26. g4 a5 27. bxa5 Rxc5 28. b4 Rb5 29. Rd1 Rd6 0-1

[Event "Sao Paulo Carnaval op"]
[Site "Sao Paulo"]
[Date "2020.02.23"]
[Round "3"]
[White "Da Silva, Camila Evaristo"]
[Black "Fujihira, Victor"]
[Result "1-0"]
[WhiteElo "1681"]
[BlackElo "1233"]
[PlyCount "97"]
[EventDate "2020.02.22"]
[EventType "swiss"]
[EventRounds "7"]
[EventCountry "BRA"]
[SourceTitle "CBM 195 Extra"]
[Source "ChessBase"]
[SourceDate "2020.05.31"]
[SourceVersion "1"]
[SourceVersionDate "2020.05.31"]
[SourceQuality "1"]

1. d4 e6 2. Bf4 d5 3. Nf3 c6 4. e3 Bd6 5. Bxd6 Qxd6 6. Nbd2 Nf6 7. Bd3 0-0 8. 0-0 Nbd7 9. Re1 b6 10. e4 Bb7 11. e5 Qc7 12. exf6 Nxf6 13. Ne5 Rad8 14. Ndf3 Nd7 15. Rc1 f6 16. Nxd7 Qxd7 17. c3 Rfe8 18. Qc2 g6 19. Re3 Re7 20. Rce1 Rde8 21. Kf1 c5 22. Qe2 Bc6 23. b3 a5 24. a4 Kf7 25. Ng1 Qd6 26. Bb5 cxd4 27. Bxc6 Rc8 28. cxd4 Rxc6 29. h4 Qb4 30. Qb5 Qxb5+ 31. axb5 Rc2 32. Nf3 h5 33. R1e2 Rc1+ 34. Ne1 Rd1 35. Rd3 Rc1 36. Rc2 Rxc2 37. Nxc2 e5 38. dxe5 fxe5 39. Rxd5 Re6 40. Ne3 Kf6 41. Nc4 e4 42. Rd6 Rxd6 43. Nxd6 Ke5 44. Nc4+ Kf4 45. Nxb6 Kg4 46. Nc4 Kxh4 47. b6 g5 48. b7 g4 49. b8Q 1-0

[Event "Joao Pessoa de Assis Memorial 1st"]
[Site "Joao Pessoa"]
[Date "2019.11.17"]
[Round "5"]
[White "Dantas, Francisco"]
[Black "Da Silva, Camila Evaristo"]
[Result "1-0"]
[WhiteElo "1940"]
[BlackElo "1659"]
[PlyCount "115"]
[EventDate "2019.11.15"]
[EventType "swiss"]
[EventRounds "6"]
[EventCountry "BRA"]
[SourceTitle "EXT 2021"]
[Source "ChessBase"]
[SourceDate "2020.10.23"]
[SourceVersion "1"]
[SourceVersionDate "2020.10.23"]
[SourceQuality "1"]

1. d4 d5 2. c4 c6 3. Nf3 Nf6 4. Nc3 dxc4 5. e3 b5 6. a4 b4 7. Na2 a5 8. Bxc4 e6 9. 0-0 Be7 10. b3 0-0 11. Bb2 Nbd7 12. Qe2 Nb6 13. Bd3 Nfd5 14. Rac1 Bb7 15. Ne5 Qd6 16. Rc2 Nd7 17. Nxd7 Qxd7 18. Nc1 Rfc8 19. Qg4 Nf6 20. Qh3 h6 21. Rd1 Qd5 22. Bc4 Qe4 23. Re2 Ba6 24. Nd3 Bxc4 25. bxc4 c5 26. dxc5 Bxc5 27. Bxf6 gxf6 28. Qxh6 Be7 29. Nb2 Rd8 30. Rc1 Qg4 31. f3 Qg5 32. Qxg5+ fxg5 33. Kf1 Bc5 34. Ke1 Rd7 35. Rd1 Rad8 36. Rxd7 Rxd7 37. Rd2 Rd6 38. Rxd6 Bxd6 39. h3 Kf8 40. Nd3 Ke8 41. e4 Kd8 42. Nc1 Kd7 43. Nb3 Bc7 44. Kf2 Kd6 45. g3 Ke5 46. Ke3 f6 47. c5 f5 48. f4+ gxf4+ 49. gxf4+ Kf6 50. e5+ Ke7 51. Kd3 Kd7 52. Kc4 Bd8 53. Kb5 Bc7 54. h4 Bxe5 55. fxe5 f4 56. c6+ Kc7 57. Nd4 b3 58. Nxb3 1-0

[Event "Penha IRT U2050 1st"]
[Site "Penha"]
[Date "2017.09.23"]
[Round "5.7"]
[White "Da Silva, Camila Evaristo"]
[Black "Boabaid, Jorge Alberto Duard"]
[Result "0-1"]
[WhiteElo "1664"]
[BlackElo "1788"]
[PlyCount "57"]
[EventDate "2017.09.22"]
[EventType "swiss"]
[EventRounds "7"]
[EventCountry "BRA"]
[SourceTitle "EXT 2022"]
[Source "ChessBase"]
[SourceDate "2021.10.06"]
[SourceVersion "1"]
[SourceVersionDate "2021.10.06"]
[SourceQuality "1"]

1. e4 c5 2. Nf3 d6 3. d4 cxd4 4. Nxd4 Nf6 5. Nc3 a6 6. Be2 e6 7. 0-0 Be7 8. f3 0-0 9. Be3 b5 10. a3 Bb7 11. Qd2 Nc6 12. Nd1 Nxd4 13. Bxd4 e5 14. Bf2 d5 15. exd5 Nxd5 16. Nc3 Bg5 17. Qe1 Ne3 18. Bxe3 Bxe3+ 19. Kh1 Bd4 20. Rd1 Qc7 21. Bd3 f5 22. Qg3 Bxc3 23. bxc3 Qxc3 24. Qh3 Qc8 25. Qh4 Rf6 26. Qb4 Qf8 27. Rfe1 Re8 28. Bc4+ Kh8 29. Bb3 0-1

[Event "Florianopolis Taca op"]
[Site "Florianopolis"]
[Date "2015.10.10"]
[Round "2"]
[White "Da Silva, Camila Evaristo"]
[Black "Do Prado, Hamilton Mesquita"]
[Result "0-1"]
[WhiteElo "1680"]
[BlackElo "1645"]
[PlyCount "72"]
[EventDate "2015.10.09"]
[EventType "swiss"]
[EventRounds "6"]
[EventCountry "BRA"]
[SourceTitle "CBM 168 Extra"]
[Source "ChessBase"]
[SourceDate "2015.10.29"]
[SourceVersion "1"]
[SourceVersionDate "2015.10.29"]
[SourceQuality "1"]

1. e4 e5 2. f4 exf4 3. Nf3 d6 4. Bc4 Be6 5. Bb3 g5 6. h4 Be7 7. Bxe6 fxe6 8. hxg5 Nc6 9. d4 Bxg5 10. b3 Qe7 11. Bb2 0-0-0 12. Nbd2 Bf6 13. Qe2 h5 14. 0-0-0 e5 15. d5 Nd4 16. Qc4 Nxf3 17. gxf3 Qd7 18. Rdg1 Ne7 19. a4 Kb8 20. a5 a6 21. Ba3 c6 22. Qd3 cxd5 23. exd5 Qb5 24. Nc4 Nc8 25. Rg6 Be7 26. Rg7 Rd7 27. Qf5 Rc7 28. Qe6 h4 29. Rxe7 Nxe7 30. Bxd6 Nxd5 31. Bxe5 Re8 32. Bxc7+ Kxc7 33. Qf7+ Re7 34. Qf5 Qc5 35. Rxh4 Re1+ 36. Kb2 Qd4+ 0-1